Claud Lovat Fraser /

Bibliographic Details
Main Authors: Drinkwater, John, 1882-1937, Rutherston, Albert, 1881-1953 (Author)
Format: Book
Language:English
Published: London : W. Heinemann, 1923.
Subjects:

MARC

Tag First Indicator Second Indicator Subfields
LEADER 00000cam a2200000I 4500
001 in00002782376
005 20151202171659.0
008 730622s1923 enkcf 000 0beng
010 |a  24001263  
035 |a (OCoLC)ocm00645810 
035 |a (OCoLC)645810 
040 |a DLC  |c WCW  |d OCL  |d SER  |d OCLCG  |d BNY  |d UBY  |d UKTTE  |d TXA  |d UtOrBLW 
049 |a TXAM 
050 0 0 |a NC242.F7  |b D6 
090 |a NC242.F7  |b D64 1923 
100 1 |a Drinkwater, John,  |d 1882-1937. 
245 1 0 |a Claud Lovat Fraser /  |c by John Drinkwater and Albert Rutherston, with representative examples of his work reproduced in collotype and line. 
264 1 |a London :  |b W. Heinemann,  |c 1923. 
300 |a 7 preliminary leaves, 39 pages, 1 leaf :  |b frontispiece (portrait) 39 plates (part color) ;  |c 35 x 27 cm. 
336 |a text  |b txt  |2 rdacontent 
337 |a unmediated  |b n  |2 rdamedia 
338 |a volume  |b nc  |2 rdacarrier 
500 |a Frontispiece and plates accompanied by guard sheets with descriptive letterpress. 
500 |a "This edition is limited to four hundred and fifty copies, of which four hundred and thirty are for sale in Great Britain and Ireland and twenty are for presentation. Number ...". 
500 |a The Cushing Library/Lit./Mitchell copy is number 338 and is signed by John Drinkwater and Albert Rutherston. 
600 1 0 |a Fraser, Claud Lovat,  |d 1890-1921. 
600 1 4 |a Fraser, Claud Lovat. 
700 1 |a Rutherston, Albert,  |d 1881-1953,  |e author. 
948 |a cataloged  |b h  |c 2012/12/5  |d c  |e junters  |f 12:47:31 pm 
994 |a C0  |b TXA 
999 |a MARS 
999 f f |s 0af6834f-ea97-3bdb-949c-b607082e6e34  |i 866dd76a-a4a8-3228-b318-71a9ef55e912  |t 0 
952 f f |p noncirc  |a Texas A&M University  |b College Station  |c Cushing Memorial Library & Archives  |d Cushing: Literature/Mitchell (Does not check out)  |t 0  |e NC242.F7 D64 1923  |f Oversize  |h Library of Congress classification  |i unmediated -- volume 
998 f f |a NC242.F7 D64 1923  |t 0  |l Cushing: Literature/Mitchell (Does not check out)